[Event "Bad Woerishofen op"]
[Site "Bad Woerishofen"]
[Date "2001.??.??"]
[Round "7"]
[White "Seifert, Dierk"]
[Black "Minnaar, Michelle"]
[Result "0-1"]
[WhiteElo "2168"]
[BlackElo "2029"]
[Annotator "ChessOrg"]
[PlyCount "133"]
[EventDate "1998.03.05"]
[Source "ChessBase"]
[SourceDate "1998.04.29"]

1. c4 {A22: Englische Eroeffnung} 1... e5 2. g3 Nf6 3. Bg2 d6 4. Nc3 c6 5. e4
g6 6. Nge2 Bg7 7. d3 O-O 8. O-O 8... Bd7 {letzter Buchzug} 9. h3 a5 10. Be3 Na6
11. d4 Re8 12. Qc2 Qc7 13. Rfd1 Rad8 14. dxe5 dxe5 15. c5 (15. Qb3 $5 15... c5
16. Nd5 $14) 15... Be6 $11 16. a3 Bf8 17. Na4 Rxd1+ 18. Rxd1 Rd8 19. Rxd8 Qxd8
20. Nc1 Nd7 21. Nd3 f6 22. Qc3 Kf7 23. Bf1 Be7 24. f4 Qc7 25. g4 (25. fxe5 fxe5
26. Nb6 26... Bf6 $16) 25... Ke8 26. f5 gxf5 27. gxf5 Bf7 28. Be2 Bd8 29. Nf2
Ndb8 30. Nb6 Nd7 31. Ng4 (31. Bxa6 bxa6 32. Qxa5 32... Qb7 $16) 31... Nxb6 $4 (
31... Naxc5 $142 32. Bxc5 Nxb6 (32... Nxc5 $143 33. Qxc5 h5 34. Nd5 Bxd5 35.
Nxf6+ Bxf6 36. exd5 $14) 33. Qxa5 Nd7 34. Qxc7 34... Bxc7 $11) 32. cxb6 $16
32... Qd6 (32... Qd7 33. Qxa5 Nb8 34. Nh6 $18) 33. Nh6 c5 (33... Ba2 34. b3 a4
35. bxa4 $18) 34. Nxf7 (34. Bb5+ Kf8 35. Bxa6 Qd1+ 36. Kg2 Bxb6 37. Nxf7 Kxf7
38. Qc4+ Kg7 39. Bxb7 39... Qd7 $18) 34... Kxf7 35. Bh5+ (35. Bxa6 bxa6 36.
Bxc5 Qd1+ 37. Kf2 $18) 35... Ke7 36. Qc4 Kd7 37. b4 (37. Be2 $5 $11) 37... axb4
38. axb4 cxb4 39. Bf7 $2 (39. Bf2 $17) 39... Qd1+ $4 (39... Bxb6 $142 40. Bxb6
Qxb6+ 41. Kg2 41... Qc6 $19) 40. Kf2 Qd6 41. Be6+ Ke7 42. Ke2 $2 (42. Qb5 $5
$15 $142) 42... Bxb6 $17 43. Bxb6 Qxb6 44. Bg8 Nc5 45. Qf7+ Kd8 46. Qf8+ Kc7
47. Be6 $2 (47. Qg7+ Kb8 48. Bxh7 Qb5+ 49. Ke1 $19) 47... Qa6+ 48. Ke1 Qa1+ 49.
Ke2 Qb2+ 50. Kf3 Qc3+ 51. Kg4 Nxe4 52. Qc8+ Kb6 53. Qd8+ Qc7 (53... Kb5 $5 54.
Qd7+ Ka6 55. h4 $19) 54. Qd5 Nd6 55. Kh5 Qc5 56. Qb3 Qd4 57. h4 Qf4 (57... e4
58. Kg4 $19) 58. Qd3 (58. Qd5 e4 59. Qd4+ Kc6 60. Qd5+ Kc7 61. Qc5+ Kb8 62. Qa5
$19) 58... Qd4 (58... Kc7 59. Qd5 Qe3 60. Qa5+ Qb6 61. Qa2 $19) 59. Qg3 $4 (59.
Qb3 Kb5 60. Qa2 $19) 59... Ne4 $19 60. Qf3 Nc3 61. Bb3 (61. Qg2 $19) 61... e4
62. Qf4 (62. Qg4 $19) 62... Ne2 63. Qg4 (63. Qb8 e3 64. Kh6 64... Nc3 $19)
63... Qd3 (63... Qe3 64. Bd5 Ng3+ 65. Qxg3 65... Qxg3 $19) 64. Qg8 (64. Kh6 Qf3
65. Qg8 65... Qxf5 $19) 64... Ng3+ 65. Kh6 Nxf5+ 66. Kxh7 e3 67. Qe6+ 0-1

[Event "Bad Woerishofen op"]
[Site "?"]
[Date "2001.??.??"]
[Round "1"]
[White "Seifert, Volker"]
[Black "Liszka, Guenter"]
[Result "1-0"]
[WhiteElo "2175"]
[BlackElo "1750"]
[Annotator "ChessOrg"]
[PlyCount "113"]
[EventDate "2000.??.??"]

1. d4 {D36: Damengambit (Abtauschvariante)} 1... d5 2. c4 e6 3. Nc3 Nf6 4. cxd5
exd5 5. Bg5 c6 6. Qc2 Be7 7. e3 Bg4 8. Nge2 Bxe2 9. Bxe2 Nbd7 10. O-O O-O 11.
Rab1 {letzter Buchzug} 11... Re8 12. b4 Ne4 (12... a6 13. Bf4 $11) 13. Bxe7
Qxe7 14. b5 Ndf6 (14... Nxc3 15. Qxc3 c5 16. dxc5 Nxc5 17. Bf3 $14) 15. bxc6
$16 15... Nxc3 16. Qxc3 Ne4 17. Qb4 bxc6 18. Qxe7 Rxe7 19. Rfc1 Rc7 20. f3 Nd6
21. Kf2 f5 22. Rc5 Nb7 23. Rc3 Kf7 24. Ba6 Nd8 25. Bd3 g6 26. h4 Ke6 27. e4
fxe4 28. fxe4 dxe4 29. Bxe4 Kd6 30. Ke3 Rf7 31. Rc5 Rc8 32. h5 gxh5 (32... Ne6
33. hxg6 hxg6 34. Ra5 $14) 33. Rxh5 $16 33... Rcc7 34. Rbh1 Rce7 35. Rxh7 Rxh7
36. Rxh7 Rxh7 37. Bxh7 Ne6 38. Bg8 Ng7 39. g4 c5 40. dxc5+ Kxc5 41. Kf4 Kd6 42.
Kg5 Ke7 43. Kg6 Ne8 44. g5 Kf8 45. Be6 Nd6 46. Bd5 Ne8 47. Be6 $4 (47. a4 47...
Ke7 $18) 47... Nd6 48. Kh6 Ne8 49. g6 Ng7 50. Bf7 Nf5+ 51. Kg5 (51. Kh7 51...
a5 $18) 51... Ng7 (51... Nd6 $5 52. Kf6 Ne4+ 53. Kf5 $16) 52. Kf6 $18 52...
Nh5+ 53. Ke6 (53. Ke5 53... Kg7 $18) 53... Kg7 (53... Ng3 $18 $142) 54. Kd6 Nf6
(54... Kf6 55. Kc6 $18) 55. Kc6 Ne4 56. a4 Kf8 57. a5 (57. a5 Nc3 58. Kb7 $18)
1-0

[Event "Bad Woerishofen op"]
[Site "Bad Woerishofen"]
[Date "2001.??.??"]
[Round "3"]
[White "Seifert, Volker"]
[Black "Boehm, Roland"]
[Result "1-0"]
[WhiteElo "2175"]
[BlackElo "1879"]
[Annotator "ChessOrg"]
[PlyCount "83"]
[EventDate "1998.03.05"]
[Source "ChessBase"]
[SourceDate "1998.04.29"]

1. d4 {E37: Nimzoindisch (4.Dc2)} 1... Nf6 2. c4 e6 3. Nc3 Bb4 4. Qc2 d5 5. a3
Bxc3+ 6. Qxc3 Ne4 7. Qc2 c5 8. dxc5 Nc6 9. Nf3 Qa5+ 10. Nd2 10... O-O {
letzter Buchzug} 11. e3 Nxc5 12. cxd5 exd5 13. b4 Nxb4 14. axb4 Qxa1 15. bxc5 (
15. Qxc5 Bf5 16. Nb3 16... Qa2 $17) 15... Bf5 16. Qb2 Qa5 (16... Qxb2 17. Bxb2
a5 18. Nf3 $14) 17. Qd4 (17. Qe5 Be4 (17... Qxc5 $4 18. Bb2 f6 19. Qxf5 $18)
18. f3 18... Rfe8 $16 (18... Qxc5 $2 19. Bb2 Qxe3+ 20. Be2 $18)) 17... Rfd8 18.
Bb2 f6 19. g4 Be4 20. Rg1 Qc7 21. g5 f5 22. Rg3 b6 23. c6 Rd6 24. Bb5 a6 25.
Ba4 Re8 26. Kf1 f4 (26... Kh8 $5 $16) 27. exf4 $18 (27. Nxe4 $2 27... Rxe4 28.
Qxg7+ Qxg7 29. Bxg7 29... Kxg7 $19) 27... Rde6 $2 (27... b5 $5 $142 28. Bb3
28... Kh8 $18) 28. Nxe4 Rxe4 29. Qxd5+ Kh8 30. Bc2 Re1+ 31. Kg2 Qxf4 32. Qd3
R8e4 33. Qc3 (33. Qd7 Re7 34. c7 34... Qxc7 $18 (34... Rxd7 $4 35. c8=Q+ Rd8
36. Qxd8+ Re8 37. Qxe8+ Qf8 38. Qxf8#)) 33... Re7 34. Qd3 $4 (34. Qf3 Rf7 35.
Qxf4 Rxf4 36. c7 $18) 34... R1e4 $4 (34... R7e4 35. Qd7 35... Re7 $18) 35. Qd8+
(35. Re3 Qxg5+ 36. Kh1 Qxe3 37. fxe3 Re8 38. c7 h5 39. Qd7 Rg8 40. Bxe4 a5 41.
Qxg7+ Rxg7 42. c8=Q#) 35... Re8 36. c7 (36. Qxb6 $6 36... Rb4 37. Bxg7+ Kxg7
38. Qa7+ Qf7 39. Qxf7+ Kxf7 40. g6+ 40... Kf6 $18) 36... Re2 37. Bd4 Qf8 38.
Qd7 Rxc2 39. Bxg7+ $1 39... Qxg7 40. Qxe8+ Qg8 41. Qd8 Rc6 42. Re3 (42. Re3
Rxc7 43. Qxc7 Qxg5+ 44. Kf1 Qb5+ 45. Kg1 Qb1+ 46. Kg2 Qg6+ 47. Rg3 Qe4+ 48. f3
Qe2+ 49. Kh3 Qe6+ 50. Rg4 Qxg4+ 51. Kxg4 b5 52. Kf5 h5 53. Kf6 a5 54. Qg7#) 1-0

[Event "Bad Woerishofen op"]
[Site "Bad Woerishofen"]
[Date "2001.??.??"]
[Round "5"]
[White "Seifert, Volker"]
[Black "Saenger, Thomas"]
[Result "1-0"]
[WhiteElo "2175"]
[BlackElo "1997"]
[Annotator "ChessOrg"]
[PlyCount "47"]
[EventDate "1998.03.05"]
[Source "ChessBase"]
[SourceDate "1998.04.29"]

1. d4 {A89: Hollaendische Verteidigung (Leningrader Variante)} 1... f5 2. g3
Nf6 3. Bg2 g6 4. Nf3 Bg7 5. O-O O-O 6. c4 d6 7. Nc3 Nc6 8. d5 Na5 9. Nd2 c5 10.
Rb1 10... Ng4 {letzter Buchzug} 11. Qc2 Bd7 12. b3 a6 13. h3 Nf6 14. Bb2 Rb8
15. f4 b5 16. Kh2 Qc7 17. Nd1 bxc4 18. bxc4 Rb4 19. Ne3 (19. a3 19... Rb7 $14)
19... Ba4 20. Qd3 Nd7 (20... Rfb8 $5 $142 21. Bc3 21... R4b7 $11) 21. Bxg7 $16
21... Rxb1 $2 (21... Kxg7 $142 22. Qc3+ Rf6 23. Rxb4 cxb4 24. Qxb4 24... Nc5
$16) 22. Rxb1 $18 (22. Qxb1 $6 22... Kxg7 23. Qb2+ 23... Nf6 $14) 22... Kxg7
23. Qa3 Nb6 (23... Nxc4 24. Nexc4 24... Bb5 $18) 24. Qc3+ (24. Qc3+ Rf6 25.
Qxa5 Nxd5 26. Qxc7 (26. Qxa4 $143 26... Nxe3 27. Rb7 27... Qd8 $18) 26... Nxc7
27. Rb7 $18) 1-0

[Event "Bad Woerishofen op"]
[Site "Bad Woerishofen"]
[Date "2001.??.??"]
[Round "6"]
[White "Seifert, Volker"]
[Black "Vatter, Hans-Joachim"]
[Result "1-0"]
[WhiteElo "2175"]
[BlackElo "2342"]
[Annotator "ChessOrg"]
[PlyCount "77"]
[EventDate "1998.03.05"]
[Source "ChessBase"]
[SourceDate "1998.04.29"]

1. d4 {A44: Alt-Benoni} 1... c5 2. d5 e5 3. e4 d6 4. Nc3 Be7 5. Nf3 Nf6 6. Be2
O-O 7. O-O Ne8 8. a4 g6 9. Nd2 9... Ng7 {letzter Buchzug} 10. Nc4 f5 11. f4
exf4 12. Bxf4 g5 13. Bd2 f4 (13... Bf6 14. exf5 Bxf5 15. Bg4 $14) 14. Nb5 Na6
15. Bc3 Nc7 16. Nxc7 Qxc7 17. e5 Bf5 18. e6 b6 19. Ra3 Rad8 20. Rb3 Rb8 21.
Bxg7 Kxg7 22. Bd3 Qb7 23. Bxf5 Rxf5 24. Rd3 Rbf8 25. Qh5 h6 26. Rfd1 a6 27. Rh3
R5f6 28. a5 bxa5 29. Rb3 Qc7 30. Rdd3 a4 31. Rb6 Rb8 (31... f3 32. Rxf3 (32.
gxf3 $2 32... Rf4 $19) 32... Rxf3 33. gxf3 $14) 32. Rc6 Qa7 33. Kh1 (33. Nxd6
$4 33... c4+ 34. Kf1 34... cxd3 $19) 33... Rd8 34. Ra3 Qb7 35. Rxa4 35... Rxe6
$2 (35... f3 36. gxf3 Rdf8 37. Nxd6 Qxb2 38. Ne8+ 38... Rxe8 $19) 36. dxe6 $18
36... Qxc6 37. Qf7+ Kh8 38. Qxe7 Qxa4 (38... Rb8 39. Ra1 Qb7 40. Qxb7 Rxb7 41.
Nxd6 Re7 42. Rxa6 42... Kg8 $18) 39. Qxd8+ (39. Qxd8+ Kg7 40. Qd7+ Qxd7 41.
exd7 $18) 1-0

[Event "Bad Woerishofen op"]
[Site "Bad Woerishofen"]
[Date "2001.??.??"]
[Round "8"]
[White "Seifert, Volker"]
[Black "Kunz, Konstantin"]
[Result "1-0"]
[WhiteElo "2175"]
[BlackElo "2196"]
[Annotator "ChessOrg"]
[PlyCount "107"]
[EventDate "1998.03.05"]
[Source "ChessBase"]
[SourceDate "1998.04.29"]

1. d4 {E32: Nimzoindisch (4.Dc2)} 1... Nf6 2. c4 e6 3. Nc3 Bb4 4. Qc2 b6 5. Bg5
h6 6. Bh4 Bb7 7. f3 {letzter Buchzug} 7... c5 8. dxc5 bxc5 9. e3 Qa5 (9... O-O
10. e4 $11) 10. Nge2 Nc6 11. a3 Ne5 12. Rb1 Nxc4 (12... Bxc3+ $5 13. Qxc3 Nd3+
14. Kd1 Qxc3 15. Nxc3 15... Ne5 $14) 13. Bxf6 gxf6 14. axb4 cxb4 15. Nd1 Rc8
16. Qb3 Ne5 17. Nf4 Rg8 18. Nf2 (18. e4 Nc6 19. Rc1 19... f5 $16) 18... Rg5 (
18... Nxf3+ 19. gxf3 Bxf3 20. Rd1 $11) 19. Be2 Qb6 20. N2h3 Rg8 21. O-O a5 22.
Kh1 Ke7 23. e4 Bc6 24. Rbc1 a4 25. Qc2 d6 26. Qd2 Bd7 27. Nh5 Rxc1 (27... Ng6
28. f4 $16 (28. Qxh6 Rh8 29. Qd2 29... Rxh5 $17)) 28. Rxc1 Ng6 29. Bf1 (29.
Qxh6 Rh8 30. Qd2 30... Rxh5 $17) 29... a3 30. bxa3 bxa3 31. Qc3 (31. N3f4 Nxf4
32. Nxf4 32... Ra8 $16) 31... Qb2 $18 32. Qxb2 axb2 33. Rb1 Rb8 34. Nf2 Ba4 35.
Nd3 Rb5 36. Ng3 Ne5 37. Nxe5 Rxe5 38. Rxb2 h5 (38... Bc6 39. Kg1 $18) 39. h4
Rc5 40. Kg1 d5 41. exd5 Rxd5 42. Kf2 Kf8 43. Be2 Rd4 44. Nxh5 Rxh4 45. Nxf6 Kg7
46. Ne4 Bc6 47. Bd3 Bxe4 48. Bxe4 Kf6 (48... f5 49. Kg3 Rh5 50. Bd3 $18) 49.
Rb5 Rh8 50. Ke3 Rh1 (50... Rg8 51. f4 $18) 51. Kf4 Rg1 52. g4 Ra1 (52... Kg7
53. g5 $18) 53. g5+ Kg7 54. Rb7 (54. Rb7 Ra6 55. g6 e5+ 56. Kxe5 Re6+ 57. Kf4
Rxg6 58. Bxg6 Kxg6 59. Rb6+ f6 60. Re6 Kg7 61. Kf5 Kf7 62. f4 Kg7 63. Rxf6 Kh7
64. Rf7+ Kh8 65. Kf6 Kg8 66. Kg6 Kh8 67. Rf8#) 1-0

[Event "Bad Woerishofen op"]
[Site "Bad Woerishofen"]
[Date "2001.??.??"]
[Round "2"]
[White "Semmler, Guenter"]
[Black "Graf, Christian"]
[Result "1-0"]
[WhiteElo "2111"]
[BlackElo "2291"]
[Annotator "ChessOrg"]
[PlyCount "61"]
[EventDate "1998.03.05"]
[Source "ChessBase"]
[SourceDate "1998.04.29"]

1. Nf3 {D02: Damenbauernspiele} 1... d5 2. d4 Nf6 3. g3 c6 4. Bg2 Bf5 5. O-O e6
6. Nbd2 h6 7. c4 Be7 8. b3 O-O 9. Bb2 Nbd7 10. Ne5 10... Qc7 {letzter Buchzug}
11. Nxd7 Qxd7 12. Rc1 a5 13. Re1 Rfd8 14. c5 Qc7 15. f3 Bg6 16. e4 dxe4 17.
fxe4 (17. Nxe4 Nxe4 18. fxe4 18... e5 $11) 17... e5 $15 18. Rc4 (18. Nf3 $5
18... exd4 19. Nxd4 $15) 18... exd4 $17 19. e5 Nd5 20. Bxd4 Bd3 21. e6 Bxc4 22.
exf7+ Kxf7 23. Qh5+ (23. Nxc4 Nf6 24. Ne5+ Kg8 25. Bh3 $11) 23... Kg8 $19 24.
Nxc4 Nf6 (24... Nf4 $5 $142 25. Be5 Nxh5 26. Bxc7 Bxc5+ 27. Kh1 $19) 25. Bxf6
Bxf6 (25... gxf6 26. Qg6+ Kh8 27. Qxh6+ Kg8 28. Qg6+ Kf8 29. Qh5 $11) 26. Nd6
Bd4+ 27. Kh1 Bxc5 28. Nf5 (28. Nxb7 $142 28... Qxb7 29. Qxc5 $17) 28... Bf8 $14
29. Qg6 29... Kh8 $4 (29... Rd6 $142 30. Nxh6+ Kh8 31. Nf7+ Kg8 32. Nxd6 32...
Qxd6 $14) 30. Be4 $18 30... Re8 (30... Qe5 31. Nxh6 $1 31... Qxe4+ 32. Rxe4
Rd1+ 33. Kg2 Rd2+ 34. Kh3 Rad8 35. Nf7+ Kg8 36. Rh4 Rxh2+ 37. Kxh2 Rd2+ 38. Kh3
Rh2+ 39. Kxh2 Bd6 40. Rh8#) 31. Ne7 $3 (31. Ne7 Bxe7 32. Qh7#) 1-0

[Event "Bad Woerishofen op"]
[Site "Bad Woerishofen"]
[Date "2001.??.??"]
[Round "4"]
[White "Semmler, Guenter"]
[Black "van Hoolandt, Patrick"]
[Result "0-1"]
[WhiteElo "2111"]
[BlackElo "2211"]
[Annotator "ChessOrg"]
[PlyCount "78"]
[EventDate "1998.03.05"]
[Source "ChessBase"]
[SourceDate "1998.04.29"]

1. Nf3 {A46: Damenbauernspiele} 1... Nf6 2. d4 e6 3. g3 b5 4. Bg2 Bb7 5. O-O c5
6. c3 Na6 7. Bg5 Be7 8. Nbd2 O-O 9. Bxf6 {letzter Buchzug} 9... Bxf6 10. e4
cxd4 11. cxd4 Rc8 12. Qb3 Qb6 13. a4 b4 14. e5 Bd5 15. Qd3 Be7 16. Rfc1 b3 17.
Ne1 (17. a5 $5 $142 17... Rxc1+ 18. Rxc1 Qxa5 19. Nxb3 $11) 17... Nb4 $17 18.
Qe3 Bxg2 19. Kxg2 Nc2 20. Nxc2 bxc2 21. b3 f6 22. Nc4 Rxc4 (22... Qb7+ 23. f3
fxe5 24. dxe5 $11) 23. bxc4 fxe5 24. Rxc2 (24. Qxe5 $143 24... Qc6+ 25. d5 Qxc4
26. dxe6 Qc6+ 27. Kg1 27... Bf6 $15 (27... dxe6 $143 28. Ra2 $18)) 24... exd4
25. Qe4 Qb3 26. Rd1 Bc5 27. a5 Qa4 28. Rb1 Qxa5 29. Rb5 Qc7 30. f4 g6 31. Ra2
Rc8 (31... Bb6 $5 32. Ra4 32... Rf6 $11) 32. Rb7 $14 32... Qd6 33. Rb3 (33. h3
33... Rc7 $11) 33... Bb6 $17 34. Ra4 Kf7 35. Kf3 Ke7 36. Ke2 Qc5 37. Qd3 (37.
h3 $11 $142) 37... Qh5+ $19 38. Qf3 Qxh2+ 39. Qf2 $4 (39. Kd1 $19 $142) 39...
d3+ $1 (39... d3+ 40. Kxd3 40... Qxf2 $19) 0-1

[Event "Bad Woerishofen op"]
[Site "Bad Woerishofen"]
[Date "2001.??.??"]
[Round "6"]
[White "Semmler, Guenter"]
[Black "Becker, Thomas"]
[Result "1/2-1/2"]
[WhiteElo "2111"]
[BlackElo "2178"]
[Annotator "ChessOrg"]
[PlyCount "78"]
[EventDate "1998.03.05"]
[Source "ChessBase"]
[SourceDate "1998.04.29"]

1. Nf3 {A35: Englische Eroeffnung (Symmetrische Variante)} 1... c5 2. c4 g6 3.
Nc3 Bg7 4. d4 cxd4 5. Nxd4 Nc6 6. Nc2 Bxc3+ 7. bxc3 d6 8. e4 Nf6 9. f3 Qa5 10.
Qd2 10... Ne5 {letzter Buchzug} 11. Ne3 Be6 12. Nd5 Qc5 13. Qd4 Rc8 14. Qxc5
Rxc5 15. Be3 Ra5 (15... Nxd5 $2 16. cxd5 Bd7 17. Bxc5 dxc5 18. f4 $18) 16. Be2
b6 17. O-O Nfd7 18. Bd4 g5 19. Rfb1 Rg8 20. Rb5 Nc6 21. Nb4 Ndb8 22. Nd5 Kd8 (
22... Na6 23. Rxa5 Nxa5 24. e5 dxe5 25. Bxe5 $15) 23. Rxa5 Nxd4 24. cxd4 bxa5
25. Rb1 Nc6 26. Rd1 (26. Kf2 26... Rg6 $14) 26... Bd7 27. Kf2 e6 (27... f5 28.
c5 $14) 28. Nc3 Ke7 29. Ke3 Rb8 30. Rb1 (30. Rd2 $5 $14) 30... Rxb1 $15 31.
Nxb1 e5 (31... Nb4 $5 $15) 32. dxe5 $11 32... dxe5 33. c5 Nd4 34. Bc4 (34. Nc3
Ne6 35. Nd5+ Ke8 36. Nf6+ Ke7 37. Nxd7 37... Kxd7 $11) 34... f5 (34... Ne6 $5
$11 $142) 35. exf5 $16 35... Bxf5 36. Nc3 Kd7 37. Bd5 Nc2+ 38. Kd2 Nb4 39. Ba8
a6 1/2-1/2

[Event "Bad Woerishofen op"]
[Site "Bad Woerishofen"]
[Date "2001.??.??"]
[Round "8"]
[White "Semmler, Guenter"]
[Black "Santl, Anton"]
[Result "1/2-1/2"]
[WhiteElo "2111"]
[BlackElo "2206"]
[Annotator "ChessOrg"]
[PlyCount "60"]
[EventDate "1998.03.05"]
[Source "ChessBase"]
[SourceDate "1998.04.29"]

1. Nf3 {E63: Koenigsindisch (6...Sc6)} 1... Nf6 2. d4 g6 3. g3 Bg7 4. Bg2 O-O
5. O-O d6 6. c4 Nc6 7. Nc3 a6 8. e4 Bg4 9. Be3 Nd7 10. Qd2 e5 11. dxe5 {
letzter Buchzug} 11... Ndxe5 12. Nxe5 Nxe5 13. b3 Nf3+ (13... Qf6 14. f3 Be6
15. Bg5 Nxc4 16. Bxf6 Nxd2 17. Bxg7 Kxg7 18. Rfd1 Nxf3+ 19. Bxf3 $16) 14. Bxf3
Bxf3 15. Qd3 f5 16. exf5 Rxf5 17. Bd2 (17. Bf4 $5 17... Bc6 18. Rae1 $11) 17...
Qd7 18. Rfe1 Raf8 19. Rac1 g5 20. Ne2 (20. a3 20... g4 $15) 20... c5 (20...
R5f7 $5 21. Nc3 21... Qh3 $19) 21. Bc3 $15 21... Bc6 22. f4 g4 (22... R5f7 $142
23. Rf1 23... Qh3 $19) 23. Bxg7 $14 23... Qxg7 24. Nc3 Qd7 (24... Qd4+ 25. Re3
$11) 25. Rcd1 $14 25... Re8 26. Rxe8+ Qxe8 27. Kf2 Rh5 28. Kg1 b5 29. Nd5 Bxd5
30. cxd5 Qf7 (30... c4 31. bxc4 bxc4 32. Qd4 $11 (32. Qxc4 $2 32... Qe3+ 33.
Kf1 Qf3+ 34. Ke1 Qh1+ 35. Qf1 35... Qxh2 $17)) 1/2-1/2

[Event "Bad Woerishofen op"]
[Site "Bad Woerishofen"]
[Date "2001.??.??"]
[Round "2"]
[White "Senff, Martin"]
[Black "Grau, Helmut"]
[Result "1-0"]
[WhiteElo "2443"]
[BlackElo "1752"]
[Annotator "ChessOrg"]
[PlyCount "71"]
[EventDate "1998.03.05"]
[Source "ChessBase"]
[SourceDate "1998.04.29"]

1. e4 {B09: Pirc-Ufimzew-Verteidigung (Dreibauernangriff)} 1... d6 2. d4 Nf6 3.
Nc3 g6 4. f4 Bg7 5. Nf3 O-O 6. e5 Nfd7 7. h4 c5 8. h5 cxd4 9. Qxd4 9... Nc6 {
letzter Buchzug} 10. Qf2 10... dxe5 $2 (10... Qa5 $5 $11) 11. hxg6 $16 11...
Nf6 $2 (11... hxg6 $142 12. Qh4 Re8 13. Qh7+ Kf8 14. fxe5 14... g5 $14) 12.
gxf7+ Rxf7 (12... Kxf7 13. Nxe5+ Kg8 14. Bc4+ e6 15. Qh4 $18) 13. Ng5 (13. Nxe5
$6 13... Nxe5 14. fxe5 14... Ng4 $16) 13... Bf5 (13... Qf8 14. Bd3 $18) 14. Bc4
(14. Nxf7 Kxf7 15. fxe5 Nd4 16. Bc4+ e6 17. exf6 Nxc2+ 18. Kf1 18... Qxf6 $18)
14... e6 15. Nxe6 Bxe6 16. Bxe6 exf4 17. Bxf7+ Kxf7 18. Bd2 (18. Bxf4 Qe7+ 19.
Qe3 Qxe3+ 20. Bxe3 Ng4 21. Rf1+ 21... Kg6 $18) 18... Qe8+ 19. Kf1 Rd8 20. Re1
Qd7 21. Bxf4 Ng4 22. Qh4 Qf5 23. Qh5+ Qxh5 24. Rxh5 Rd4 25. Re4 Nf6 26. Rxd4
Nxh5 27. Rc4 Ke6 28. Be3 Ng3+ 29. Kf2 Bxc3 30. bxc3 (30. Rxc3 $6 30... Ne4+ 31.
Kf3 Nxc3 32. bxc3 32... b5 $14) 30... Kd5 (30... Nf5 $18) 31. Rc5+ (31. Kxg3 $6
31... Kxc4 32. Bd2 32... Ne7 $11) 31... Ke4 32. Kxg3 Kxe3 33. Rh5 Kd2 34. Rxh7
Na5 35. Kf4 Kxc2 36. g4 (36. g4 Nc4 37. g5 $18) 1-0

[Event "Bad Woerishofen op"]
[Site "Bad Woerishofen"]
[Date "2001.??.??"]
[Round "4"]
[White "Senff, Martin"]
[Black "Schelle, Artur"]
[Result "1-0"]
[WhiteElo "2443"]
[BlackElo "2215"]
[Annotator "ChessOrg"]
[PlyCount "47"]
[EventDate "1998.03.05"]
[Source "ChessBase"]
[SourceDate "1998.04.29"]

1. e4 {B33: Sizilianisch (Lasker/Pelikan/Sweschnikow-Variante)} 1... c5 2. Nf3
Nc6 3. d4 cxd4 4. Nxd4 Nf6 5. Nc3 e5 6. Ndb5 d6 7. Bg5 a6 8. Na3 b5 9. Bxf6
gxf6 10. Nd5 Bg7 11. Bd3 Ne7 12. Nxe7 Qxe7 13. O-O O-O 14. c4 f5 15. Qf3 15...
Rb8 {letzter Buchzug} 16. exf5 bxc4 17. Nxc4 d5 (17... Rd8 $5 18. Be4 18... Bd7
$16) 18. Qxd5 $16 18... Bb7 19. Qa5 Rfd8 20. Be2 Rd5 21. Qa3 Qd8 (21... Qxa3
22. bxa3 Rbd8 23. Rac1 $16) 22. Qg3 (22. Rad1 Qg5 23. Qe3 23... Qe7 $18) 22...
Kh8 23. Rad1 23... Rd4 $4 (23... Qc7 $18 $142) 24. Nxe5 (24. Nxe5 Bxe5 25.
Qxe5+ f6 26. Qxd4 Qxd4 27. Rxd4 $18) 1-0

[Event "Bad Woerishofen op"]
[Site "Bad Woerishofen"]
[Date "2001.??.??"]
[Round "6"]
[White "Senff, Martin"]
[Black "Santl, Anton"]
[Result "1-0"]
[WhiteElo "2443"]
[BlackElo "2206"]
[Annotator "ChessOrg"]
[PlyCount "39"]
[EventDate "1998.03.05"]
[Source "ChessBase"]
[SourceDate "1998.04.29"]

1. e4 {B72: Sizilianisch (Drachen-Variante)} 1... c5 2. Nc3 Nc6 3. Nge2 g6 4.
d4 cxd4 5. Nxd4 Bg7 6. Be3 Nf6 7. Bc4 O-O 8. Bb3 d6 9. f3 Nxd4 10. Bxd4 Be6 11.
Qd2 11... Bxb3 {letzter Buchzug} 12. axb3 a6 13. h4 h5 14. O-O-O Qa5 15. Kb1
Kh8 (15... e5 16. Be3 $14) 16. g4 Rac8 17. Qe3 17... Qd8 $2 (17... e6 $14 $142)
18. gxh5 $18 18... gxh5 (18... Kh7 19. Bxf6 Bxf6 20. Nd5 $18) 19. Rhg1 19... e6
$4 (19... Rg8 20. Bxf6 20... exf6 $18) 20. Rxg7 $1 (20. Rxg7 Kxg7 21. Qg5+ Kh7
22. Bxf6 Qxf6 23. Qxf6 $18) 1-0

[Event "Bad Woerishofen op"]
[Site "Bad Woerishofen"]
[Date "2001.??.??"]
[Round "8"]
[White "Senff, Martin"]
[Black "Baramidze, David"]
[Result "1/2-1/2"]
[WhiteElo "2443"]
[BlackElo "2265"]
[Annotator "ChessOrg"]
[PlyCount "85"]
[EventDate "1998.03.05"]
[Source "ChessBase"]
[SourceDate "1998.04.29"]

1. e4 {B86: Sizilianisch (Sosin-Angriff)} 1... c5 2. Nf3 d6 3. d4 cxd4 4. Nxd4
Nf6 5. Nc3 a6 6. Bc4 e6 7. Bb3 Nbd7 8. f4 Nc5 9. e5 Nfd7 10. exd6 Nf6 11. Be3
Bxd6 12. Qf3 12... Qc7 {letzter Buchzug} 13. O-O-O Nxb3+ 14. Nxb3 O-O (14...
Bd7 15. Rd4 $11) 15. Ne4 (15. Rxd6 Qxd6 16. Bc5 $11) 15... Nxe4 $11 16. Qxe4
Rd8 17. Qd4 b5 18. Nc5 Bb7 19. Nxb7 Qxb7 20. g3 Rac8 21. Qd2 (21. Rhe1 Qc6 22.
Qd3 22... Rd7 $15) 21... Be7 22. Qf2 Rd5 (22... Rxc2+ 23. Qxc2 Rc8 24. Qxc8+
Qxc8+ 25. Kb1 $15) 23. Bd4 (23. g4 $5 $15) 23... Rcd8 $17 24. c3 h6 (24... b4
25. Rhe1 $17) 25. Rhe1 R8d7 26. Qe2 Qc6 27. Be5 Bc5 28. Rxd5 Qxd5 29. Rd1 Qxd1+
(29... Be3+ 30. Kc2 Qe4+ 31. Rd3 Rxd3 32. Qxd3 Qg2+ 33. Kb3 33... Bc5 $11) 30.
Qxd1 $11 30... Rxd1+ 31. Kxd1 f6 32. Bc7 g5 33. g4 Kf7 34. Ke2 f5 35. Kf3 Kg6
36. h3 fxg4+ (36... h5 37. b3 $11) 37. hxg4 $14 37... h5 38. gxh5+ Kxh5 39.
fxg5 Kxg5 40. Ke4 Kf6 41. b3 Ke7 42. c4 bxc4 43. bxc4 1/2-1/2

[Event "Bad Woerishofen op"]
[Site "Bad Woerishofen"]
[Date "2001.??.??"]
[Round "2"]
[White "Sepp, Lothar"]
[Black "Zillich, Rainer"]
[Result "1-0"]
[WhiteElo "1866"]
[BlackElo "1476"]
[Annotator "ChessOrg"]
[PlyCount "41"]
[EventDate "1998.03.05"]
[Source "ChessBase"]
[SourceDate "1998.04.29"]

1. d4 {E11: Damenindisch (Bogoljubow-Variante)} 1... Nf6 2. c4 e6 3. Nf3 Bb4+
4. Bd2 Qe7 5. a3 Bxd2+ 6. Qxd2 6... c5 {letzter Buchzug} 7. Nc3 d6 8. g3 b6 9.
Bg2 Bb7 10. O-O O-O 11. Rad1 cxd4 12. Qxd4 d5 13. Ne5 (13. cxd5 Nxd5 14. Nxd5
14... Bxd5 $11) 13... Rd8 (13... dxc4 $5 14. Bxb7 Qxb7 15. Nxc4 15... Nc6 $11)
14. e4 $14 14... Nbd7 (14... Re8 $5 $14) 15. exd5 exd5 16. Rfe1 Nxe5 17. Rxe5
Qd7 18. Nxd5 Nxd5 19. Bxd5 19... Kf8 $2 (19... Re8 $18 $142) 20. Bxb7 Qxb7 (
20... Qxd4 21. Rxd4 Rxd4 22. Bxa8 22... Rxc4 $18) 21. Qxd8+ (21. Qxd8+ Rxd8 22.
Rxd8#) 1-0